000 00804nam a2200241 a 4500
001 BRCA_8281
005 20190320210217.0
008 120614s1956----mx-ad##f##---#001-0#spa-#
041 _aspa
044 _amx
050 4 _aKGF4737
_b.I47 1956
245 1 0 _aImpuestos sobre herencias, legados y donaciones
_canotadas y concordadas por el notario Manuel Andrade.
250 _a3
260 _aMéxico
_bInformación Aduanera de México
_c[1956]
300 _a1 v. (paginación variada)
_bil., tablas, gráficas
_c21 cm.
500 _aS66
650 1 4 _aImpuestos
_vHerencias, legados y donaciones
_zMéxico
_920684
650 1 4 _aImpuestos
_vCálculos
_zMéxico
_920685
650 1 4 _aImpuestos
_vTransferencias
_zMéxico
_920686
700 1 _aAndrade, Manuel
_ecomp.
_920687
902 _aGFM
942 _2lcc
_cB
999 _c7949
_d7949